Constitución de la República Oriental del Uruguay de 1967: texto concordado y anotado

Збережено в:
Бібліографічні деталі
Автори: Esteva Gallicchio, Eduardo (Автор), Frugone Schiavone, Héctor (Автор)
Формат: Книга
Мова:Іспанська
Опубліковано: Montevideo Acali 1978
Редагування:1a. ed
Предмети:
Теги: Додати тег
Немає тегів, Будьте першим, хто поставить тег для цього запису!

MARC

LEADER 00000nam a2200000 a 4500
001 UCK7511
003 CL-VaPUC
008 051125e19780000UY |||||||||||||||||spa|d
082 0 4 |a 342.89  |b EST  |2 21 
100 0 |a Esteva Gallicchio, Eduardo  |e author  |9 497025 
700 0 |a Frugone Schiavone, Héctor  |e author  |9 497026 
245 1 0 |a Constitución de la República Oriental del Uruguay de 1967: texto concordado y anotado 
250 |a 1a. ed 
300 |a 169 p 
942 |c BK 
945 |d 20051125 00:00:00  |a cmena 
260 |a Montevideo  |b Acali  |c 1978 
650 0 |a Derecho constitucional   |9 222588 
650 0 |a Derechos civiles y políticos   |9 338684 
650 0 |a Jurisprudencia  |9 255952 
650 0 |a Fuentes del derecho   |9 255162 
650 0 |a Gobierno   |9 255508 
650 0 |a Soberanía  |9 266726 
650 0 |a Ciudadanía  |9 258339 
651 0 |a Uruguay  |9 255194 
583 |a last modification  |c 20051125 00:00:00  |k Rodrigo Vera 
999 |c 315418  |d 315416 
952 |0 0  |1 0  |4 0  |6 342_890000000000000_EST_1978  |7 0  |8 A  |9 388629  |a BIBDER  |b BIBDER  |d 2019-11-22  |i 4129393  |o 342.89 EST 1978  |p 4129393  |r 2023-01-25  |w 2019-11-22  |y BK  |k DER